QUANTITATIVE TECHNIQUES (Record no. 8973)

MARC details
000 -LEADER
fixed length control field 00599nam a22001697a 4500
003 - CONTROL NUMBER IDENTIFIER
control field SGT
020 ## - INTERNATIONAL STANDARD BOOK NUMBER
International Standard Book Number 9789381335352
082 ## - DEWEY DECIMAL CLASSIFICATION NUMBER
Classification number 510,KHA
100 ## - MAIN ENTRY--PERSONAL NAME
Personal name KHANDELWAL, S.K
245 ## - TITLE STATEMENT
Title QUANTITATIVE TECHNIQUES
250 ## - EDITION STATEMENT
Edition statement 1ST
260 ## - PUBLICATION, DISTRIBUTION, ETC. (IMPRINT)
Place of publication, distribution, etc NEW DELHI
Name of publisher, distributor, etc INTERNATIONAL BOOK HOUSE
Year of Publication 2012
300 ## - PAGE DESCRIPTION
No. of Pages 696
650 ## - SUBJECT ADDED ENTRY--TOPICAL TERM
Topical term or geographic name as entry element MAHEMATICS
653 ## - KEYWORDS--INDEX TERM
Keyword term STATISTICS AN INTRODUCTION, DATA COLLECTION, FREQUENCY DISTRIBUTION AND PRESENTATION OF DATA,MEASURES OF CENTRAL TENDENCY, MEASURES OF DISPERSION, CORRELATION ANALYSIS, LINEAR REGRESSION ANALYSIS, ANALYSIS OF TIME SERIES, PROBABILITY,
942 ## - ADDED ENTRY ELEMENTS (KOHA)
Source of classification or shelving scheme Dewey Decimal Classification
Koha item type FCM Books
Holdings
Withdrawn status Lost status Source of classification or shelving scheme Damaged status Not for loan Collection code Home library Current library Shelving location Date acquired Vendor Name Cost, normal purchase price SGTU Bill Number Total Checkouts Full call number Accession No. (Barcode) Date last seen Date last borrowed Bill Date Koha item type
    Dewey Decimal Classification     COMMERCE MANAGEMENT SGT Science & Social Sciences Library SGT Science & Social Sciences Library On Display 10/06/2016 IBH 425.00 SGTU 14725 4 510,KHA CM219 11/12/2018 12/11/2018 11/11/2013 FCM Books
    Dewey Decimal Classification     COMMERCE MANAGEMENT SGT Science & Social Sciences Library SGT Science & Social Sciences Library On Display 10/06/2016 IBH 425.00 SGTU 14725 1 510,KHA CM220 28/12/2017 18/12/2017 11/11/2013 FCM Books
    Dewey Decimal Classification   Not For Loan COMMERCE MANAGEMENT SGT Science & Social Sciences Library SGT Science & Social Sciences Library Reference Book 10/06/2016 IBH 425.00 SGTU 14725   510,KHA CM221 10/06/2016   11/11/2013 FCM Books
    Dewey Decimal Classification     COMMERCE MANAGEMENT SGT Science & Social Sciences Library SGT Science & Social Sciences Library On Display 10/06/2016 IBH 425.00 SGTU 14725 1 510,KHA CM222 26/02/2019 14/02/2019 11/11/2013 FCM Books